000 00671nam a2200217Ia 4500
003 GCL
008 140319s9999 xx 000 0 ara d
040 _aGCL /
_cGCL
082 0 4 _aد
_b050
100 1 _aروشكا ، الكسندرو
245 1 0 _aالابداع العام والخاص ( عالم المعرفة 144 ) /
_cروشكا ، الكسندرو
700 1 _aغسان عبدالحى
300 _a272 ص
490 _aعالم المعرفة
_v0
650 0 4 _aالابداع الادبى والفنى
650 0 4 _aالابتكار
650 0 4 _aالتخيل الابداعى
650 0 4 _aالتخيل
650 0 4 _aالابداع
942 _2ddc
_cBK
999 _c50301
_d50301